Distribution par images - Le Goût des autres - Statistiques

Statistiques générales
  • Ce quiz a été pris 32 fois
  • Le résultat moyen est 4 sur 9
Statistiques - réponses
Par images Hint Réponse % Correct
Bruno Deschamps Alain Chabat
100%
Jean-Jacques Castella Jean-Pierre Bacri
94%
Manie Agnès Jaoui
74%
Franck Moreno Gérard Lanvin
74%
Metteur en scène Sam Karmann
32%
Valérie Anne Le Ny
26%
Antoine Wladimir Yordanoff
19%
Clara Devaux Anne Alvaro
16%
Angélique Castella Christiane Millet
10%
Aucun quiz correspondant
Distribution des résultats
% des personnes avec chaque résultat
Percentile par nombre de réponses
Votre historique - résultats
Vous n’avez pas pris ce quiz